000
00191 a2200097 4500
020
_a
9780152059064
041
_a
spa
100
_a
Jeanette Winter
245
_a
Calavera Abecedario
942
_c
K
999
_c
26594
_d
26594